000 01609nam0a22003491 4500
001 RU\INFOCOMM_327\NLR\5000076104
005 20260406104359.0
010 _910000 экз.
_a5-7300-0108-8
035 _a(NLR Aleph) 010605323
090 _a10551206
_c10551206
100 _a20130325d1988 |||y0rusy50 ca
101 1 _ager
_crus
102 _aRU
105 _ay z||||
200 1 _aMalerei
_fPuschkin-Museum der bildenden Künste, Moskau
_g[Eingel. u. zesgest. von Irina Antonowa
_gAus dem Russ. übertr. von Boris Zwetkow]
205 _aИзд. 2-е
210 _aL.
_cAurora
_d1988
215 _a183 с.
_cцв. ил.
_d18 см
300 _aВ вып. дан.: Живопись / Гос. музей изобразительных искусств им. А. С. Пушкина, Москва; Авт.-сост. Ирина Александровна Антонова
606 0 _aЖивопись
_yМузей изобразительных искусств. Москва
_jСобрания
_2nlr_sh1
620 _aСанкт-Петербург
686 _aЩ143(0)л61
_2rubbk
686 _aЩ101.3(2Р)-2Москва
_2rubbk
702 1 _4220
_8rus
_7ba
_aAntonova
_bI. A.
_cд-р искусствоведения
_f1922-2020
_gIrina Aleksandrovna
_3RU\NLR\AUTH\77124296
_9107221
710 0 2 _8ger
_aStaatliches Museum für bildende Künste A. S. Puschkin
_cMoskau
_7ba
_3RU\NLR\AUTH\883018
_9277183
790 1 _9z01702
_aAntonowa
_bI.
_gIrina
_4220
801 1 _aRU
_bInfocomm
_c20130325
801 0 _aRU
_bINFOCOMM
_gPSBO
852 _aNLR
_jЭ АлИс134/1-М821
942 _cBOOK
980 _aNB